| 000 | 01001nam a22002654a 4500 | ||
|---|---|---|---|
| 005 | 20081212173136.0 | ||
| 008 | 071109s2008 nyu b 001 0 eng | ||
| 010 | _aENG-92198 | ||
| 020 |
_a9780070139596 _c295.00 |
||
| 020 |
_a0070139598 _c295.00 |
||
| 035 | _aEN-75731 | ||
| 037 | _bDBAD / PUB | ||
| 040 |
_adpl _bEnglish |
||
| 082 | _a658.314 | ||
| 100 | _aColan, Lee J. | ||
| 245 |
_aEngaging the hearts and minds of all your employees: _cby Lee J. Colan _bhow to ignite passionate performance for better business results / |
||
| 260 |
_aNew Delhi _bTata McGraw-Hill Publishing _c2009 |
||
| 300 |
_aviii, 213p. _c22 cm (pbk) |
||
| 500 | _aIncludes index | ||
| 650 | _aEmployee motivation | ||
| 650 | _aPersonnel management | ||
| 650 | _aLeadership | ||
| 942 |
_2ddc _cEN _h658.314 _mCOL |
||
| 999 |
_c19853 _d19853 |
||